00326aas a2200109 4500008004100000022001300041245003900054246003200093260006100125300001100186650001900197240222b |||||||| |||| 00| 0 eng d a13910027 aNivedini-Vol. 9, no. 1 (June 2001) aA journal on gender studies a Colombo : bWomen education and research centre, c2001 b113 P. aGENDER STUDIES